| 000 | 00447nam a22001697a 4500 | ||
|---|---|---|---|
| 003 | NUST | ||
| 005 | 20220726102441.0 | ||
| 020 | _a9781646115914 | ||
| 038 | _aAzhar | ||
| 082 |
_a658.45 _bMCL |
||
| 100 |
_aVicki McLeod _995133 |
||
| 245 |
_aEffective communication at work : speaking and writing well in the modern workplace _cVicki McLeod |
||
| 260 |
_aCalifornia _bRockridge press _c2020 |
||
| 300 | _a158p | ||
| 563 | _aPB | ||
| 942 |
_2ddc _cLC |
||
| 999 |
_c590624 _d590624 |
||